01154nam a2200229 a 450000100100000000500170001000800410002702000180006804000250008610000310011124500660014226000470020830000210025550000630027650001940033950400290053304900090056295201200057195201110069195201050080299900170090700003578620200930074618.0111110s2011 dr 000 0 spa d a9780984631003 aDO-SdBNPbspacBNPHU1 aMatos, Libio Amaury93250910aLemba :bel esclavo rebelde del Caribe /cLibio Amaury Matos. aSanto Domingo :bEditora Nueva Luz,c2011. a113 p. ;c22 cm. aIncluye datos biográficos del autor en la contracubierta aAguerrido esclavo de la Isla la Española símbolo de la lucha por la liberación de los negros esclavos en Santo Domingo durante la colonización de la isla por España en el siglo xv aBibli ografía : p. 113 aBNPD 001054708DSaGRbGRcCTd2011-11-10iLF1l0o p35786-30r2020-06-25te. 3w2020-06-25yLFDSZPréstamo en sala 0010718PDaPDbPDcCTd2011-11-10iLF1l0o p35786-10r2020-06-25te. 2w2020-06-25yLFPDZNo se presta 0010718PDaPDbPDcCTd2011-11-10iLF1l0o p35786-20r2020-06-25w2020-06-25yLFPDZNo se presta c35277d35277